អាព្រីង / (Record no. 1317)
[ view plain ]
| 000 -LEADER | |
|---|---|
| fixed length control field | 01792nam a22002777a 4500 |
| 005 - DATE AND TIME OF LATEST TRANSACTION | |
| control field | 20240906143509.0 |
| 020 ## - INTERNATIONAL STANDARD BOOK NUMBER | |
| International Standard Book Number | 9789995054823 |
| 040 ## - CATALOGING SOURCE | |
| Original cataloging agency | FISKH |
| Language of cataloging | eng |
| Transcribing agency | FISKH |
| Modifying agency | FISKH |
| 082 ## - DEWEY DECIMAL CLASSIFICATION NUMBER | |
| Classification number | 636.7 |
| 100 ## - MAIN ENTRY--PERSONAL NAME | |
| Personal name | Tithseyha, Eam |
| 245 ## - TITLE STATEMENT | |
| Title | អាព្រីង / |
| Statement of responsibility, etc. | និពន្ធរឿងដោយ អៀម ទិត្យសីហា - គូររូបដោយ សេង វិសុទ្ធ |
| 250 ## - EDITION STATEMENT | |
| Edition statement | បោះពុម្ពលើកទី ៩ខែកក្កដា ឆ្នាំ ២០២១ |
| 260 ## - PUBLICATION, DISTRIBUTION, ETC. | |
| Place of publication, distribution, etc. | Phnom Penh : |
| Name of publisher, distributor, etc. | Sipar, |
| Date of publication, distribution, etc. | 2021. |
| 300 ## - PHYSICAL DESCRIPTION | |
| Extent | 36 pages : |
| Other physical details | color illustrations ; |
| Dimensions | 25 cm |
| 490 ## - SERIES STATEMENT | |
| Series statement | ខ្ញុំចង់អាន |
| 505 ## - FORMATTED CONTENTS NOTE | |
| Formatted contents note | P <br/> |
| 520 ## - SUMMARY, ETC. | |
| Summary, etc. | ចាន់ណា ចង់បានឆ្កែស្អាតមួយ តែផ្ទុយទៅវិញ ឪពុករបស់នាងបានយកអាព្រីងដែលមានសម្បុរខ្មៅ រូបអាក្រក់មកឳ្យនាងចិញ្ចឹម ឈ្មោះ អាព្រីង។ នាងស្អប់វាណាស់ ហើយក៏បានយកវាទៅបោះបង់ចោល តែអាព្រីងជាអ្នកដែលបានជួយសង្គ្រោះជិវិតរបស់នាង។ |
| 520 ## - SUMMARY, ETC. | |
| Summary, etc. | Channa wants a beautiful dog. Instead of that, her father adopts an ugly black dog name Ah Pring. She hated it and abandoned it, but Ah Pring was the one who saved her life. |
| 521 ## - TARGET AUDIENCE NOTE | |
| Target audience note | 650 <br/> |
| Source | Lexile estimate <br/> |
| 521 ## - TARGET AUDIENCE NOTE | |
| Target audience note | P <br/> |
| Source | Raz-Plus <br/> |
| 650 ## - SUBJECT ADDED ENTRY--TOPICAL TERM | |
| Topical term or geographic name entry element | អាព្រីង |
| Form subdivision | ជួយសង្គ្រោះ |
| General subdivision | បោះបង់ |
| 650 ## - SUBJECT ADDED ENTRY--TOPICAL TERM | |
| Topical term or geographic name entry element | Ah Pring |
| Form subdivision | Save |
| General subdivision | Abandon |
| 700 ## - ADDED ENTRY--PERSONAL NAME | |
| Personal name | Visoth, Seng |
| Titles and other words associated with a name | illustrator |
| 942 ## - ADDED ENTRY ELEMENTS (KOHA) | |
| Source of classification or shelving scheme | Dewey Decimal Classification |
| Koha item type | Books |
| Suppress in OPAC | No |
| 999 ## - | |
| -- | 1317 |
| -- | 1317 |
| Withdrawn status | Lost status | Source of classification or shelving scheme | Damaged status | Not for loan | Collection | Home library | Current library | Shelving location | Date acquired | Total Checkouts | Full call number | Barcode | Date last seen | Copy number | Price effective from | Koha item type |
|---|---|---|---|---|---|---|---|---|---|---|---|---|---|---|---|---|
| Dewey Decimal Classification | Khmer Language Books / សៀវភៅភាសាខ្មែរ | Footprints International School Library Network Toul Kork Campus | Footprints International School Library Network Toul Kork Campus | TK Campus, Room B402, Khmer Book Case 16, Shelves 112-123 / ទូរសៀវភៅខ្មែរលេខ ១៦ ធ្នើរ ១១២ ដល់ ១២៣ បន្ទប់ B402 សាខាទួលគោក | 08/15/2023 | TIT 636.7 | 2023-0263 | 08/15/2023 | 1 | 08/15/2023 | Khmer Books | |||||
| Dewey Decimal Classification | Khmer Language Books / សៀវភៅភាសាខ្មែរ | Footprints International School Library Network Toul Kork Campus | Footprints International School Library Network Toul Kork Campus | TK Campus, Room B402, Khmer Book Case 16, Shelves 112-123 / ទូរសៀវភៅខ្មែរលេខ ១៦ ធ្នើរ ១១២ ដល់ ១២៣ បន្ទប់ B402 សាខាទួលគោក | 08/15/2023 | TIT 636.7 | 2023-0264 | 08/15/2023 | 2 | 08/15/2023 | Khmer Books | |||||
| Dewey Decimal Classification | Khmer Language Books / សៀវភៅភាសាខ្មែរ | Footprints International School Library Network Toul Kork Campus | Footprints International School Library Network Toul Kork Campus | TK Old Khmer Books (Rear Hallway Shelf 3) | 07/08/2024 | TIT 636.7 | FISTK03412 | 07/08/2024 | 3 | 07/08/2024 | Khmer Books | |||||
| Dewey Decimal Classification | Khmer Language Books / សៀវភៅភាសាខ្មែរ | Footprints International School Library Network Toul Kork Campus | Footprints International School Library Network Toul Kork Campus | TK Old Khmer Books (Rear Hallway Shelf 3) | 07/08/2024 | TIT 636.7 | FISTK03416 | 07/08/2024 | 4 | 07/08/2024 | Khmer Books | |||||
| Dewey Decimal Classification | Khmer Language Books / សៀវភៅភាសាខ្មែរ | Footprints International School Library Network Toul Kork Campus | Footprints International School Library Network Toul Kork Campus | TK Old Khmer Books (Rear Hallway Shelf 3) | 07/08/2024 | TIT 636.7 | FISTKG3B020 | 07/08/2024 | 5 | 07/08/2024 | Khmer Books | |||||
| Dewey Decimal Classification | Khmer Language Books / សៀវភៅភាសាខ្មែរ | Footprints International School Library Network Toul Tom Poung Campus | Footprints International School Library Network Toul Tom Poung Campus | TTP Primary Khmer Bookshelves | 07/08/2024 | TIT 636.7 | FIS04508 | 09/06/2024 | 6 | 07/08/2024 | Khmer Books | |||||
| Dewey Decimal Classification | Khmer Language Books / សៀវភៅភាសាខ្មែរ | Footprints International School Library Network Toul Tom Poung Campus | Footprints International School Library Network Toul Tom Poung Campus | TTP Primary Khmer Bookshelves | 09/16/2025 | TIT 636.7 | FISBK03799 | 09/16/2025 | 7 | 09/16/2025 | Khmer Books | |||||
| Dewey Decimal Classification | Khmer Language Books / សៀវភៅភាសាខ្មែរ | Footprints International School Library Network Toul Tom Poung Campus | Footprints International School Library Network Toul Tom Poung Campus | TTP Primary Khmer Bookshelves | 10/02/2025 | TIT 636.7 | FIS04523 | 10/02/2025 | 8 | 10/02/2025 | Khmer Books |
